| 000 | 00414nam a22001457a 4500 | ||
|---|---|---|---|
| 999 |
_c8596 _d8596 |
||
| 003 | OSt | ||
| 008 | 200319b ||||| |||| 00| 0 eng d | ||
| 020 | _a9788186535257 | ||
| 100 | _aWALKER, J.M. AND GINGOLD, E.B. | ||
| 245 | _aMolecular Biology and Biotechnology | ||
| 250 | _a4th (2006) | ||
| 260 |
_aNew Delhi _bPanima Publishing Corporation |
||
| 650 | _aPharmaceutical Microbiology/ Biotech | ||
| 942 |
_2ddc _cBK |
||